000 00766cab a2200265 4500
001 ABS54294
008 090401t1996 xxu||||| |||| 00| 0 eng d
035 _a(Sirsi) u9614
041 _aeng
245 _aMarket report: Oxfordshire
260 _c1996
350 _a0
490 _aProperty Week
_v54(1) 4 January 1996, 52-50(70
650 _aABINGDON
650 _aBANBURY
650 _aBICESTER
650 _aINDUSTRIAL MARKET
650 _aM40 CORRIDOR
650 _aPROPERTY-COMMERCIAL PROPERTY-OFFICE PROPERTY-OFFICE PROPERTY MARKET
650 _aOXFORD
650 _aPROPERTY-COMMERCIAL PROPERTY-RETAIL PROPERTY-RETAIL PROPERTY MARKET
690 _aPROPERTY-COMMERCIAL PROPERTY-COMMERCIAL PROPERTY MARKET
942 _n0
948 _c04/03/1997
999 _c6028
_d6028